| 000 | 00480nam a2200181Ia 4500 | ||
|---|---|---|---|
| 008 | 180424s9999 xx 000 0 und d | ||
| 020 | _a3076802 | ||
| 084 | _a539.7 B14 | ||
| 100 | _a"Blanpied, William A" | ||
| 245 | 0 | _aModern Physics : Introduction to Its Mathematical Language | |
| 250 | _a\\197100ENGGPSX | ||
| 260 | _aHolt Rinehart and Winston | ||
| 260 | _b1971 | ||
| 260 | _cLondon | ||
| 300 | _axi+724 p | ||
| 500 | _aincludes index and biblioraphy | ||
| 942 | _cBK | ||
| 999 |
_c25017 _d25017 |
||